| 000 | 00798cac a22002171u 4500 | ||
|---|---|---|---|
| 090 | _c4623 | ||
| 008 | 090112t 1982xxu||||| |||| 00| 0 eng d | ||
| 010 | _a2004061743 | ||
| 020 | _a0131796712 | ||
| 082 | 0 | 0 |
_a658.1511 _bHOR |
| 100 | _aHorngren, Charles T., | ||
| 245 | 1 | 0 |
_aCost accounting : _ba managerial emphasis / _cCharles T. Horngren, |
| 250 | _a5th ed. | ||
| 260 |
_aEnglewood Cliffs, N.J. : _bPrentice-Hall, _c1982. |
||
| 300 |
_a997p. : _bcol. ill . ; _c29 cm. |
||
| 490 | _aPrentice Hall series in accounting | ||
| 504 | _aIncludes bibliographical references and index. | ||
| 650 | 0 | _aCost accounting. | |
| 942 |
_cBB _k658.1511HOR _2ddc |
||
| 999 |
_c4623 _d4623 |
||